00884nam a2200241 i 4500001000700000003000900007005001700016007000300033008004100036020001800077080001600095080001900111100002900130245006000159260003700219300002000256490003200276500001700308505021400325651004700539830003200586852002400618128438ES-MaACL20250809063518.0t|070511m19821983sp |||| | spa d a84-206-8995-5 a338(46)"19" a338.98(46)"19"1 aTamames, Ramón,d1933-10aEstructura económica de España / cRamón Tamames. aMadrid : bAlianza, c1982-1983. a2 v. ; c23 cm.1 aAlianza universidad. Textos a1 t. en 2 v.8 aContiene: v. 1.: Medio ambiente, población, sector agrario, industria - 15ª ed. rev., 1983 - v. 2.: Sector servicios, contabilidad social, instituciones, desarrollo económico - 14ª ed. rev. y ampl., 1982 4aEspaña-xSituación económica-yS.XX.0 aAlianza universidad. Textos aES-MaACLjL-8162-63